00261nam a2200109Ia 4500008004100000040000800041082001800049100002600067245003100093260000900124264001800133231129s1974||||xx |||||||||||||| ||spa|| bspa a986.104 C112d aCaballero Jose Maria 0aDiario de la independencia c1974 aBanco Popular